000 00919nas a2200313 4500
001 BR2013001504
003 BR-BrBNA
005 20231205122022.0
007 ta
008 230509b bl.|||p| |||| 00| 00por d
040 _aBR-BrBNA
_bpor
_cBiblioteca Nacional de Agricultura
041 _a(En)
072 _aH20
100 1 _aPrabhu, A.S.
100 1 _aBarbosa Filho, M.P.
100 1 _aDatnoff, L.E.
100 1 _aSnyder, G.H.
100 1 _aBerni, R.F.
100 1 _aRodrigues, F.A.
100 1 _aDallagnol, L.J.
245 1 _aSilicon reduces brown spot severity and grain discoloration on several rice genotypes
650 _aARROZ
650 _aFUNGO
650 _aSEMENTE
650 _aNUTRIÇÃO VEGETAL
773 0 _tTropical Plant Pathology (Brazil)
_xISSN 1982-5676
_g(Nov-Dec 2012), v. 37(6) p. 409-414
_wBR2013001504
909 _a202311
_bLúcia
_c55
_dLúcia Elande
942 _2AGRIS
_n0
_cANA
999 _c226484
_d226484